000 00487 a2200181 4500
999 _c534420
_d534420
003 NUST
005 20200220101655.0
008 200220b ||||| |||| 00| 0 eng d
020 _a9695191002
038 _aMSOHAIL
082 _a297.4
100 _aIzutsu,Toshihiko.
_928546
245 _aCreation and the Timeless Order of Things.
_cToshihiko Izutsu.
260 _aLahore.
_bSuhail Academy.
_cc1994.
300 _a190;p.
500 _aHardcover.
942 _aNBS
_cBK
_k297.4 IZU
_2ddc